000 00824cam a22002411 4500
005 20131112083805.0
008 751203s1954 enkad 000 0 eng
041 0 _aeng
080 _a338.942
100 1 _aCarter, Charles Frederick.
245 1 0 _aBritish economic statistics;
_ca report by C. F. Carter and A. D. Roy.
260 _aCambridge Eng.
_bUniversity Press,
_c1954.
300 _avii, 188 p.
_billus., tables.
_c24 cm.
410 2 0 _aNational Institute of Economic and Social Research.
_tEconomic and social studies.
_vno. 14.
500 _aPreface : f. VII
504 _aBibliography: p. 164-169.
650 0 _aStatistika
650 0 _aPoltika ekonomike
651 0 _aGreat Britain
_vStatistika
651 0 _aGreat Britain
_xPoltika ekonomike
700 1 _aRoy, Andrew Donald
_ejoint author.
942 _2udc
_cBK
999 _c287
_d287